[Event "GER-chT U20"]
[Site "Naumburg Saale"]
[Date "2014.12.28"]
[Round "3.5"]
[White "Schumann, Steffen"]
[Black "Abrahamyan, Arsen"]
[Result "1-0"]
[WhiteElo "1821"]
[BlackElo "1694"]
[PlyCount "97"]
[EventDate "2014.12.27"]
[EventType "team-swiss"]
[EventRounds "7"]
[EventCountry "GER"]
[SourceTitle "EXT 2016"]
[Source "ChessBase"]
[SourceDate "2015.10.08"]
[SourceVersion "1"]
[SourceVersionDate "2015.10.08"]
[SourceQuality "1"]
[WhiteTeam "Wildeshausen"]
[BlackTeam "Frankfurt TV"]
[WhiteTeamCountry "GER"]
[BlackTeamCountry "GER"]

1. e4 e6 2. d4 d5 3. Nd2 Nf6 4. e5 Nfd7 5. Bd3 c5 6. c3 Nc6 7. Ne2 Qb6 8. Nf3 Be7 9. 0-0 0-0 10. Nf4 cxd4 11. cxd4 Nb4 12. Bb1 f6 13. a3 Na6 14. Qc2 f5 15. Be3 g5 16. Ne2 g4 17. Ne1 Qc7 18. Qd2 Rf7 19. Bd3 Nf8 20. Bxa6 bxa6 21. Nd3 Ng6 22. Rfc1 Qb6 23. Rc3 Bd7 24. Rac1 Rff8 25. Bg5 Qd8 26. Bxe7 Qxe7 27. Nc5 Rfc8 28. Nxa6 Rxc3 29. Rxc3 Rc8 30. Nb4 Qd8 31. Ng3 Rxc3 32. Qxc3 Qc8 33. Qxc8+ Bxc8 34. Nc6 a6 35. Nh5 Kf7 36. Nf6 Nf8 37. Kf1 Bd7 38. Nd8+ Ke7 39. Nb7 Bb5+ 40. Ke1 Ng6 41. g3 Nf8 42. Kd2 Bc6 43. Nc5 a5 44. Kc3 f4 45. Nxg4 Ng6 46. Nf6 fxg3 47. fxg3 Nf8 48. Nb3 a4 49. Nc5 1-0

[Event "GER-ch U25"]
[Site "Oberhof"]
[Date "2010.05.24"]
[Round "3"]
[White "Abrahamyan, Arsen"]
[Black "Geldner, Gerrit"]
[Result "1/2-1/2"]
[WhiteElo "1664"]
[BlackElo "1594"]
[PlyCount "122"]
[EventDate "2010.05.22"]
[EventType "swiss"]
[EventRounds "9"]
[EventCountry "GER"]
[SourceTitle "CBM 136 Extra"]
[Source "ChessBase"]
[SourceDate "2010.07.02"]
[SourceVersion "2"]
[SourceVersionDate "2010.07.15"]
[SourceQuality "1"]

1. e4 c5 2. Nf3 Nc6 3. d4 cxd4 4. Nxd4 e5 5. Nb5 d6 6. N1c3 a6 7. Na3 b5 8. Nd5 Nce7 9. c4 Nxd5 10. cxd5 Qh4 11. Bd3 Nf6 12. Qe2 Bg4 13. Qe3 h6 14. h3 Bd7 15. Bd2 Nh5 16. g3 Qd8 17. Rc1 Be7 18. Qe2 Nf6 19. Nc2 0-0 20. Ne3 Rc8 21. h4 Rxc1+ 22. Bxc1 Qa5+ 23. Qd2 Qxa2 24. 0-0 Qa4 25. b4 a5 26. Bb2 Qxb4 27. Bc3 Qc5 28. Bxa5 Rc8 29. Rb1 Qd4 30. f3 Nh5 31. Kg2 Bxh4 32. Rh1 Bg5 33. Rxh5 Bxe3 34. Qe2 Rb8 35. Bc7 Rb7 36. Bxd6 f6 37. Ba3 Qa7 38. Bb2 Bd4 39. Rh1 b4 40. Bc4 b3 41. Ra1 Qc5 42. Rc1 Bxb2 43. Qxb2 Qb4 44. Ba6 Ra7 45. Ra1 Bb5 46. Bxb5 Rxa1 47. Qxa1 Qxb5 48. d6 Qd7 49. Qc3 Qxd6 50. Qxb3+ Kh7 51. Qc2 h5 52. f4 Kh6 53. f5 Qd4 54. Kf3 g6 55. fxg6 Kxg6 56. Qb3 Qd7 57. Qg8+ Qg7 58. Qe6 Kh6 59. Qf5 Qg5 60. Qc8 Qg6 61. Qh3 Qg4+ 1/2-1/2

[Event "Frankfurt-ch"]
[Site "Frankfurt"]
[Date "2010.04.26"]
[Round "1"]
[White "Abrahamyan, Arsen"]
[Black "Benninger, Rudolf"]
[Result "0-1"]
[WhiteElo "1664"]
[BlackElo "2140"]
[PlyCount "44"]
[EventDate "2010.04.26"]
[EventType "swiss"]
[EventRounds "7"]
[EventCountry "GER"]
[SourceTitle "EXT 2011"]
[Source "ChessBase"]
[SourceDate "2010.11.26"]
[SourceVersion "1"]
[SourceVersionDate "2010.11.26"]
[SourceQuality "1"]

1. e4 g6 2. d4 Bg7 3. Nc3 c6 4. Nf3 d5 5. e5 Nh6 6. Be2 0-0 7. 0-0 f6 8. Bf4 Bg4 9. Re1 Nd7 10. exf6 exf6 11. h3 Bxf3 12. Bxf3 f5 13. Qd2 Nf7 14. Qd3 Nf6 15. Na4 b6 16. Re6 Qd7 17. Rae1 Ne4 18. Re5 Nxe5 19. Bxe5 Bxe5 20. dxe5 Qe6 21. Bxe4 fxe4 22. Qg3 Rf5 0-1

[Event "GER-chT U14"]
[Site "Arendsee"]
[Date "2009.12.29"]
[Round "6.3"]
[White "Abrahamyan, Arsen"]
[Black "Schneider, Jannes"]
[Result "1/2-1/2"]
[WhiteElo "1599"]
[BlackElo "1524"]
[PlyCount "51"]
[EventDate "2009.12.27"]
[EventType "team-swiss"]
[EventRounds "7"]
[EventCountry "GER"]
[SourceTitle "EXT 2022"]
[Source "ChessBase"]
[SourceDate "2021.10.06"]
[SourceVersion "1"]
[SourceVersionDate "2021.10.06"]
[SourceQuality "1"]
[WhiteTeam "Frankfurt TV U14"]
[BlackTeam "Erfurt Empor U14"]
[WhiteTeamCountry "GER"]
[BlackTeamCountry "GER"]

1. e4 e5 2. Nf3 Nc6 3. d4 exd4 4. Nxd4 Bc5 5. Nxc6 Qf6 6. Qd2 dxc6 7. Bd3 Be6 8. Nc3 Ne7 9. b3 Bxf2+ 10. Qxf2 Qxc3+ 11. Qd2 Qxd2+ 12. Bxd2 0-0 13. 0-0-0 Ng6 14. Bc3 Nf4 15. g3 Nxd3+ 16. Rxd3 Bg4 17. h3 Be6 18. g4 Rfd8 19. Rhd1 Rxd3 20. Rxd3 f6 21. Kd2 Kf7 22. Ke3 c5 23. Kf3 Ke7 24. h4 Rd8 25. Rxd8 Kxd8 26. Kf4 1/2-1/2

[Event "Karl Mala Memorial op 12th"]
[Site "Frankfurt"]
[Date "2009.07.19"]
[Round "6"]
[White "Anders, Eric"]
[Black "Abrahamyan, Arsen"]
[Result "0-1"]
[WhiteElo "1419"]
[BlackElo "1688"]
[PlyCount "84"]
[EventDate "2009.07.16"]
[EventType "swiss"]
[EventRounds "7"]
[EventCountry "GER"]
[SourceTitle "EXT 2010"]
[Source "ChessBase"]
[SourceDate "2010.11.25"]
[SourceVersion "1"]
[SourceVersionDate "2010.11.25"]
[SourceQuality "1"]

1. e4 c5 2. Nf3 Nc6 3. Nc3 d6 4. d4 cxd4 5. Nxd4 e5 6. Nf3 Bg4 7. Be2 Nf6 8. Bg5 Be7 9. 0-0 0-0 10. Re1 h6 11. Bxf6 Bxf6 12. h3 Be6 13. Qd2 a6 14. Rad1 Qb6 15. Rb1 Be7 16. Nd5 Qd8 17. Red1 Rc8 18. b3 Kh8 19. c4 Bg5 20. Qd3 Bxd5 21. Qxd5 Be7 22. Qd2 Qb6 23. Bd3 Nd8 24. Nh2 Ne6 25. g3 Bg5 26. Qe2 Nc5 27. Ng4 h5 28. h4 Bxh4 29. gxh4 hxg4 30. Qxg4 Ne6 31. Bf1 Nf4 32. Rd2 Rc6 33. Bg2 d5 34. h5 dxc4 35. Rbb2 c3 36. Rbc2 cxd2 37. Rxd2 Rc1+ 38. Kh2 Qh6 39. Bf3 Rc6 40. Rd1 Rg6 41. Qh4 Nxh5 42. Qxh5 Qxh5+ 0-1

[Event "Rhein Main op 12th"]
[Site "Bad Homburg"]
[Date "2009.06.14"]
[Round "7"]
[White "Abrahamyan, Arsen"]
[Black "Niedenthal, Robert"]
[Result "1-0"]
[WhiteElo "1573"]
[BlackElo "1912"]
[PlyCount "111"]
[EventDate "2009.06.10"]
[EventType "swiss"]
[EventRounds "7"]
[EventCountry "GER"]
[SourceTitle "CBM 131 Extra"]
[Source "ChessBase"]
[SourceDate "2009.09.03"]
[SourceVersion "2"]
[SourceVersionDate "2009.09.16"]
[SourceQuality "1"]

1. e4 d5 2. exd5 Nf6 3. d4 Bg4 4. Nf3 Qxd5 5. Be2 Nc6 6. Nc3 Qh5 7. h3 0-0-0 8. Be3 e5 9. d5 e4 10. Ng5 Bxe2 11. Qxe2 Qxe2+ 12. Kxe2 Ne5 13. Bf4 h6 14. Bxe5 hxg5 15. Bxf6 gxf6 16. Nxe4 Bg7 17. Rad1 Rhe8 18. Kf3 Re5 19. c4 Rf5+ 20. Kg3 Re5 21. f3 Rde8 22. d6 Kd7 23. dxc7+ Kxc7 24. b3 R8e6 25. Rd2 f5 26. Nc3 Kc6 27. Nb5 Re1 28. Rxe1 Rxe1 29. Nxa7+ Kb6 30. Nb5 Rf1 31. Rd6+ Ka5 32. Rd5 f4+ 33. Kg4 f6 34. Nd6+ Kb6 35. Rb5+ Kc6 36. Nxb7 Rf2 37. Nd8+ Kd7 38. Rb7+ Kxd8 39. Rxg7 Rxa2 40. Kf5 Rxg2 41. Kxf6 Rg3 42. b4 Rxh3 43. Rxg5 Rxf3 44. Rf5 Rf1 45. Ke5 f3 46. Kd6 Ke8 47. b5 f2 48. Kc5 Kd8 49. b6 Kd7 50. b7 Rb1 51. Rxf2 Rxb7 52. Rf7+ Kc8 53. Rxb7 Kxb7 54. Kd6 Kb6 55. c5+ Kb7 56. Kd7 1-0

[Event "Rhein Main op 12th"]
[Site "Bad Homburg"]
[Date "2009.06.12"]
[Round "4"]
[White "Schmitt, Roland"]
[Black "Abrahamyan, Arsen"]
[Result "0-1"]
[WhiteElo "1905"]
[BlackElo "1573"]
[PlyCount "74"]
[EventDate "2009.06.10"]
[EventType "swiss"]
[EventRounds "7"]
[EventCountry "GER"]
[SourceTitle "CBM 131 Extra"]
[Source "ChessBase"]
[SourceDate "2009.09.03"]
[SourceVersion "2"]
[SourceVersionDate "2009.09.16"]
[SourceQuality "1"]

1. d4 Nf6 2. c4 d6 3. Nc3 Nbd7 4. e4 e5 5. Nf3 g6 6. Be2 Bg7 7. 0-0 0-0 8. d5 Nc5 9. Qc2 a5 10. Bg5 h6 11. Be3 Qe7 12. h3 Nh5 13. Kh2 f5 14. Ng1 fxe4 15. Bxh5 gxh5 16. Bxc5 dxc5 17. Qe2 Qh4 18. g3 Qe7 19. Qxh5 Bd7 20. Rae1 Rf5 21. Qd1 Raf8 22. Kg2 c6 23. Qe2 cxd5 24. cxd5 Qf7 25. a4 b6 26. Rd1 h5 27. b3 Rf3 28. Nxe4 Rxb3 29. Qa2 Rb4 30. f3 Rxa4 31. Qb3 Rb4 32. Qa2 Bb5 33. Rf2 Bc4 34. Qd2 Bb3 35. Ng5 Qd7 36. d6 Rd4 37. Qc3 Bxd1 0-1

[Event "Rhein Main op 12th"]
[Site "Bad Homburg"]
[Date "2009.06.11"]
[Round "2"]
[White "Iwanziw, Niklas"]
[Black "Abrahamyan, Arsen"]
[Result "1-0"]
[WhiteElo "1866"]
[BlackElo "1573"]
[PlyCount "103"]
[EventDate "2009.06.10"]
[EventType "swiss"]
[EventRounds "7"]
[EventCountry "GER"]
[SourceTitle "CBM 131 Extra"]
[Source "ChessBase"]
[SourceDate "2009.09.03"]
[SourceVersion "2"]
[SourceVersionDate "2009.09.16"]
[SourceQuality "1"]

1. d4 Nf6 2. c4 d6 3. Nc3 Nbd7 4. e4 e5 5. Nf3 g6 6. Be2 Bg7 7. 0-0 0-0 8. Qc2 Qe7 9. Rd1 exd4 10. Nxd4 Nc5 11. f3 a5 12. a3 a4 13. Nd5 Nxd5 14. cxd5 f5 15. Nb5 fxe4 16. fxe4 Qh4 17. g3 Qe7 18. Be3 Nxe4 19. Qxc7 Qxc7 20. Nxc7 Ra5 21. Bb6 Rc5 22. Bxc5 Nxc5 23. Ne6 Re8 24. Bc4 Nxe6 25. dxe6 Bxe6 26. Re1 Bd4+ 27. Kg2 Kf7 28. Rxe6 Rxe6 29. Re1 Be5 30. Re3 Ke7 31. Bxe6 Kxe6 32. b3 Kd7 33. bxa4 Bd4 34. Rb3 Kc6 35. Kf3 h6 36. h4 h5 37. g4 Bf6 38. gxh5 gxh5 39. Kg3 Be5+ 40. Kh3 Kc7 41. Rf3 Kc6 42. Rf5 Bb2 43. Rxh5 Bxa3 44. Rb5 Bc1 45. Kg4 Bh6 46. Kf5 Bf8 47. Ke6 b6 48. h5 Bh6 49. Kf6 Bd2 50. Kg6 Bc3 51. h6 Ba5 52. Rb3 1-0

[Event "GER-ch U12"]
[Site "Willingen"]
[Date "2009.06.06"]
[Round "11"]
[White "Abrahamyan, Arsen"]
[Black "Zimmermann, Jasmin"]
[Result "1-0"]
[WhiteElo "1573"]
[BlackElo "1283"]
[PlyCount "75"]
[EventDate "2009.05.30"]
[EventType "swiss"]
[EventRounds "11"]
[EventCountry "GER"]
[SourceTitle "EXT 2010"]
[Source "ChessBase"]
[SourceDate "2010.11.25"]
[SourceVersion "1"]
[SourceVersionDate "2010.11.25"]
[SourceQuality "1"]

1. e4 e6 2. d4 d5 3. e5 c5 4. c3 Nc6 5. Nf3 f6 6. Bd3 Qb6 7. 0-0 c4 8. Be2 g6 9. exf6 Nxf6 10. Qc2 Bg7 11. Re1 0-0 12. Be3 Qc7 13. h3 Nd7 14. Ng5 Qd6 15. Bg4 Nf6 16. Bd1 Ne8 17. Bc1 Nc7 18. b3 cxb3 19. axb3 Rf6 20. Nf3 Qd7 21. Nbd2 Qf7 22. Nf1 h6 23. Ne3 g5 24. Be2 Bd7 25. Ng4 Re8 26. Nxf6+ Bxf6 27. Bd3 Kg7 28. Nh2 a6 29. Ng4 Bd8 30. Re3 Na8 31. Rf3 Qe7 32. Ba3 Qf7 33. Rxf7+ Kxf7 34. Nxh6+ Kg7 35. Ng4 Bc7 36. Bh7 Nb6 37. Qg6+ Kh8 38. Nf6 1-0

[Event "GER-ch U12"]
[Site "Willingen"]
[Date "2009.06.03"]
[Round "7"]
[White "Abrahamyan, Arsen"]
[Black "Bluebaum, Matthias"]
[Result "0-1"]
[WhiteElo "1573"]
[BlackElo "2051"]
[PlyCount "70"]
[EventDate "2009.05.30"]
[EventType "swiss"]
[EventRounds "11"]
[EventCountry "GER"]
[SourceTitle "EXT 2010"]
[Source "ChessBase"]
[SourceDate "2010.11.25"]
[SourceVersion "1"]
[SourceVersionDate "2010.11.25"]
[SourceQuality "1"]

1. e4 e6 2. d4 d5 3. Nd2 Be7 4. c3 c5 5. e5 Nc6 6. Ndf3 cxd4 7. cxd4 Qa5+ 8. Bd2 Bb4 9. Bxb4 Qxb4+ 10. Qd2 Nge7 11. g4 0-0 12. Bd3 f6 13. h3 Bd7 14. Ne2 Qxd2+ 15. Nxd2 fxe5 16. dxe5 Nxe5 17. Nc1 Rac8 18. Be2 Rc2 19. Rb1 Rfc8 20. Ncb3 N7g6 21. 0-0 Nf4 22. Bd1 R2c7 23. Kh2 Bb5 24. Re1 Ned3 25. Rf1 e5 26. Bf3 e4 27. Bd1 Ne5 28. Re1 Rf7 29. Nd4 Bd3 30. Ra1 Ne6 31. Nf5 Nd4 32. Nxd4 Rxf2+ 33. Kg1 Rxd2 34. Bb3 Bc4 35. Rad1 Rxd4 0-1

[Event "GER-ch U12"]
[Site "Willingen"]
[Date "2009.05.30"]
[Round "1"]
[White "Abrahamyan, Arsen"]
[Black "Edel, Fenja"]
[Result "1-0"]
[WhiteElo "1573"]
[BlackElo "1142"]
[PlyCount "95"]
[EventDate "2009.05.30"]
[EventType "swiss"]
[EventRounds "11"]
[EventCountry "GER"]
[SourceTitle "EXT 2010"]
[Source "ChessBase"]
[SourceDate "2010.11.25"]
[SourceVersion "1"]
[SourceVersionDate "2010.11.25"]
[SourceQuality "1"]

1. e4 e6 2. Nf3 d5 3. Nc3 Nf6 4. e5 Nfd7 5. d4 c5 6. dxc5 Bxc5 7. Bd3 0-0 8. Bxh7+ Kh8 9. Bd3 f6 10. exf6 Qxf6 11. 0-0 Nc6 12. Ng5 g6 13. Qg4 Kg8 14. Qxe6+ Qxe6 15. Nxe6 Rf6 16. Nxc5 Nxc5 17. Nxd5 Rd6 18. Bc4 Kg7 19. b4 Ne6 20. Bb2+ Kf7 21. Nc7 Rb8 22. Nxe6 Bxe6 23. Bxe6+ Rxe6 24. a3 Rd8 25. Rad1 Red6 26. Rxd6 Rxd6 27. Bc3 a6 28. Re1 Rd5 29. h3 Ne7 30. Re2 Nf5 31. Rd2 Rxd2 32. Bxd2 Ke6 33. Kf1 Kd5 34. Ke2 Nd4+ 35. Kd3 b5 36. Bc3 Ne6 37. Bd2 Ke5 38. c4 bxc4+ 39. Kxc4 Kd6 40. g4 Ke5 41. f4+ Ke4 42. b5 axb5+ 43. Kxb5 Nd4+ 44. Kc4 Nc6 45. a4 Na7 46. a5 Nc6 47. a6 Na7 48. Kc5 1-0

[Event "Main Vogelsberg op 4th"]
[Site "Heusenstamm"]
[Date "2009.05.03"]
[Round "6"]
[White "Gutacker, Stephan"]
[Black "Abrahamyan, Arsen"]
[Result "1-0"]
[WhiteElo "1967"]
[BlackElo "1396"]
[PlyCount "89"]
[EventDate "2009.04.30"]
[EventType "swiss"]
[EventRounds "7"]
[EventCountry "GER"]
[SourceTitle "CBM 130 Extra"]
[Source "ChessBase"]
[SourceDate "2009.07.02"]
[SourceVersion "2"]
[SourceVersionDate "2009.07.15"]
[SourceQuality "1"]

1. e4 e6 2. d4 d5 3. Nd2 Nf6 4. Bd3 c5 5. e5 Nfd7 6. c3 Nc6 7. Ne2 Qb6 8. Nf3 cxd4 9. cxd4 Bb4+ 10. Bd2 0-0 11. 0-0 Be7 12. Bc3 f5 13. exf6 Nxf6 14. Ng3 Bd7 15. a3 Nd8 16. Re1 Nf7 17. Qd2 Qd8 18. Rac1 Ng4 19. h3 Ngh6 20. Qe2 Ng5 21. Ne5 Bc8 22. Bb1 Nhf7 23. f4 Nxe5 24. fxe5 Nxh3+ 25. gxh3 Bh4 26. Qg4 Bg5 27. Nh5 g6 28. h4 Bxc1 29. Rxc1 Kh8 30. Nf6 Rf7 31. Rf1 Qc7 32. h5 g5 33. h6 Bd7 34. Qxg5 Bb5 35. Rf3 Raf8 36. Rg3 Rxf6 37. exf6 Qxg3+ 38. Qxg3 Rg8 39. Qg7+ Rxg7+ 40. hxg7+ Kg8 41. Kf2 Be8 42. Kg3 b6 43. Kf4 a5 44. Kg5 Kf7 45. Bxh7 1-0

[Event "Main Vogelsberg op 4th"]
[Site "Heusenstamm"]
[Date "2009.05.03"]
[Round "7"]
[White "Winand, Edgar"]
[Black "Abrahamyan, Arsen"]
[Result "1/2-1/2"]
[WhiteElo "2055"]
[BlackElo "1396"]
[PlyCount "101"]
[EventDate "2009.04.30"]
[EventType "swiss"]
[EventRounds "7"]
[EventCountry "GER"]
[SourceTitle "CBM 130 Extra"]
[Source "ChessBase"]
[SourceDate "2009.07.02"]
[SourceVersion "2"]
[SourceVersionDate "2009.07.15"]
[SourceQuality "1"]

1. g4 d5 2. Bg2 Bxg4 3. c4 Nf6 4. Qb3 Nc6 5. cxd5 Na5 6. Qa4+ c6 7. b4 Nc4 8. dxc6 b5 9. Qxb5 Nd6 10. Qa4 Qc7 11. h3 Bf5 12. d3 Bg6 13. e4 Ng8 14. Be3 e5 15. b5 Rb8 16. Nc3 Ne7 17. Qxa7 Qxa7 18. Bxa7 Ra8 19. Bc5 Nec8 20. a4 Nxe4 21. Bxf8 Nxc3 22. Bxg7 Rg8 23. Bxe5 Bxd3 24. Bxc3 Rxg2 25. Kd2 Be4 26. Re1 f5 27. a5 Rxf2+ 28. Ke3 Rc2 29. Bd2 Bxh1 30. Kd3+ Be4+ 31. Rxe4+ fxe4+ 32. Kxc2 Rb8 33. Kc3 Rxb5 34. Kd4 Rb2 35. Be3 Ra2 36. Kxe4 Rxa5 37. Ne2 Nd6+ 38. Kf4 Nc4 39. Bg1 Rh5 40. Kg4 Rh6 41. c7 Kd7 42. Nf4 Kxc7 43. Kg5 Ra6 44. Nd5+ Kb7 45. Nf6 Ne5 46. Kf5 Nf3 47. Be3 Ra5+ 48. Kf4 Ng5 49. Kg4 h6 50. Ng8 Ra4+ 51. Kh5 1/2-1/2